000 00822nam a2200229 4500
008 010625s1999 us 0 engYA
020 _a0825430976
090 _aPN98.R44
_bL32
100 1 _aLarsen, David L.
245 1 0 _aThe company of the creative :
_ba Christian reader's guide to great literature and its themes /
_cDavid L. Larsen
260 _aMichigan :
_bKregel,
_cc1999.
300 _a639 p.
504 _aIncludes bibliographical references.
650 4 _aBest books
650 4 _aChristian literature
_xHistory and criticism
650 4 _aChristianity and literature
650 4 _aChristians
_xBooks and reading
650 4 _aLiterature
_xHistory and criticism
650 4 _aLiterature
_xThemes, motives
950 0 _029.99/15
951 _p23765
_x00014850
_oPN98.R44/L32
_j070613110930015
_d2000-12-21
_cREF
999 _c2016
_d2016